000 00859pam a2200277 a 4500
999 _c19913
_d19913
001 3751048
003 OSt
005 20200612125604.0
008 820806s1983 enk b 001 0 eng
010 _a 82014240
020 _a0192875655 :
_c$14.50
020 _a0192875647 (pbk.) :
_c$4.95
040 _aDLC
_coclc
_dDLC
050 0 0 _aB2948
_b.S56 1983
082 0 0 _a193
_219
_bSIN/H
100 _aSinger, Peter
_d1946-
_92843
245 1 0 _aHegel /
_cPeter Singer
260 _aOxford ;
_aNew York :
_bOxford University Press,
_c1983.
300 _aix, 97 p. ;
_c23 cm.
440 0 _aPast masters
500 _aIncludes index.
504 _aBibliography: p. [91]-93.
600 1 0 _aHegel, Georg Wilhelm Friedrich,
_d1770-1831.
906 _a7
_bcbc
_corignew
_d1
_eocip
_f19
_gy-gencatlg
942 _2ddc
_cBK
_h193
_iSIN/H
_k193
_mSIN/H